| 000 | 01281nam a2200337 i 4500 | ||
|---|---|---|---|
| 001 | 184889 | ||
| 003 | SpMaBN | ||
| 005 | 20250826035940.0 | ||
| 008 | 160216s2015 sp |||| | spa d | ||
| 020 | _a978-84-16268-49-8 | ||
| 080 | _a331.101.5(460):004 | ||
| 080 | _a342.734(460) | ||
| 100 | 1 |
_aSan Martín Mazzucconi, Carolina. _9158766 |
|
| 245 | 1 | 4 |
_aLas TICs en el ámbito laboral / _c[Carolina San Martín Mazzucconi, Antonio V. Sempere Navarro]. |
| 250 | _aAct. a 15 de jun. de 2015. | ||
| 260 |
_aMadrid : _bFrancis Lefebvre, _c2015. |
||
| 300 |
_a144 p. ; _c22 cm. |
||
| 490 | 1 | _aClaves prácticas | |
| 500 | _aÍndice. | ||
| 596 | _aEn contracub.: Lefebvre-El Derecho. | ||
| 650 | 7 |
_aRelaciones laborales- _xEfectos de las innovaciones tecnológicas. _9158767 |
|
| 650 | 7 |
_aTrabajadores- _xDerechos. _9151031 |
|
| 650 | 4 |
_aTecnologías de la información y de la comunicación. _9161860 |
|
| 700 | 1 |
_aSempere Navarro, Antonio Vicente. _9105409 |
|
| 710 | 2 |
_aEdiciones Francis Lefebvre. _9158696 |
|
| 710 | 2 |
_aEl Derecho (Editorial) _9158682 |
|
| 830 | 0 | 0 |
_aClaves prácticas Francis Lefebvre _9192249 |
| 852 |
_aES-MaACL _jA-15278 _9191905 _cDEPO1 _dOlim: L 342.734 SAN tic _hDonación: Editorial |
||
| 942 | _2udc | ||
| 999 |
_c184889 _d184889 |
||